European Countries Anagrams - Map Quiz - Statistics

General Stats
  • This quiz has been taken 1,017 times
  • The average score is 34 of 45
Answers on the Map
Answers color-coded by a green-red scale on the quiz's map according to % correct below.
 
Answer Stats
Answer % Correct
pasin
89%
enweds
87%
linnfad
87%
carfen
86%
layit
86%
leadnic
86%
usasir
84%
camoon
83%
glueboxrum
83%
rotlagup
83%
daplon
82%
drawnitszel
82%
mengot dunkidi
82%
tlama
80%
woryan
80%
mygrean
79%
kndream
78%
muglieb
77%
ranidle
77%
ran masion
77%
vitala
77%
recege
76%
heldanstern
75%
roadran
75%
tayccin avit
74%
zebras van doghenionia
74%
blurc chipceez
73%
thenicestnile
72%
vooosk
72%
usarita
71%
hitanailu
70%
seantoi
70%
atacior
69%
iruneak
68%
vailkosa
68%
doomlav
67%
rabies
67%
yanrugh
66%
baialan
65%
rubleas
65%
anamori
64%
china romandote
64%
nosevail
63%
grabilau
62%
gerontomen
61%
No matching quizzes found
Score Distribution
Percent of People with Each Score
Percentile by Number Answered
Your Score History
You have not taken this quiz